000160069 001__ 160069
000160069 005__ 20250520135505.0
000160069 037__ $$aGDOC-2024-61873
000160069 041__ $$aspa
000160069 041__ $$aeng
000160069 100__ $$1552694$$aRamón Pablo Reñé, de Antonio
000160069 24500 $$961873$$aIntervención integral en el ámbito infantojuvenil
000160069 24200 $$961873$$aComprehensive intervention for childhood and adolescents
000160069 260__ $$aZaragoza$$bUniversidad de Zaragoza$$c2024-2025
000160069 521__ $$9698$$aMáster Universitario en Psicología General Sanitaria$$bMaster's in General Sanitary Psychology
000160069 540__ $$aby-nc-sa$$bCreative Commons$$c3.0$$uhttp://creativecommons.org/licenses/by-nc-sa/3.0/
000160069 700__ $$1552694$$aRamón Pablo Reñé, de Antonio
000160069 700__ $$1951331$$aPablo Soldevila, Matías
000160069 700__ $$1951331$$aPablo Soldevila, Matías
000160069 830__ $$9557
000160069 830__ $$9654
000160069 8564_ $$s7749$$uhttps://zaguan.unizar.es/record/160069/files/guia-61873-en.pdf$$yGuide (english)
000160069 8564_ $$s7854$$uhttps://zaguan.unizar.es/record/160069/files/guia-61873-es.pdf$$yGuía (idioma español)
000160069 970__ $$aGDOC-2024-61873
000160069 980__ $$aGDOC$$bHealth Sciences$$bCiencias de la Salud$$c301